00860nam a22002057a 4500003000600000005001700006008004100023020001600064020001800080040000800098082001600106100001800122245008600140260005100226300002700277505019200304505008300496650004600579650002900625GBCCL20241126110614.0180702b ||||| |||| 00| 0 eng d a0890860548  a9780890860540 cGBC a225.48bALF aAlford, Henry aAlford's Greek Testament : ban exegetical and critical commentary/cHenry Alford aGrand Rapids : bGuardian Press, c1976, 1874. a4 volumes in 6 ; 21 cm avol. I, pt. 1. Prolegomena & Matthew-Mark; pt. 2. Luke-John.--vol. II. Acts-II Corinthians.--vol. III. Galatians-Philemon.--vol. IV, pt. 1. Prolegomena & Hebrews; pt. 2. James-Revelation. aOriginal title: The Greek New Testament. Issued in six bindings in a slipcase. aBible. -- New Testament -- Commentaries.  aBible. -- New Testament.